[Event "52nd World Juniors 2013"]
[Site "Kocaeli TUR"]
[Date "2013.09.13"]
[Round "1.56"]
[White "Antal, Tibor Kende"]
[Black "Garcia Herrera, Enrique Ric"]
[Result "1-0"]
[WhiteTitle "FM"]
[BlackTitle "CM"]
[WhiteElo "2321"]
[BlackElo "1653"]
[WhiteFideId "738581"]
[BlackFideId "5115124"]
[EventDate "2013.09.13"]

1. e4 c5 2. Nf3 e6 3. d4 cxd4 4. Nxd4 a6 5. Bd3 Nf6 6. O-O d6 7. c4 g6 8. Qe2
Bg7 9. Nc3 O-O 10. Rd1 Qc7 11. Nf3 Nc6 12. Bf4 Ne5 13. Nxe5 dxe5 14. Be3 b6 15.
Rac1 Bb7 16. f3 Nd7 17. c5 bxc5 18. Na4 Rfc8 19. Nxc5 Nxc5 20. Rxc5 Qd6 21. Bc4
Qe7 22. Rxc8+ Bxc8 23. Qd2 Bf8 24. Qa5 Bb7 25. Qxe5 Bg7 26. Qd6 Qxd6 27. Rxd6
Rc8 28. b3 Be5 29. Rb6 Rc7 30. g3 a5 31. Rb5 Bc3 32. Bb6 Rd7 33. Bxa5 Bxa5 34.
Rxa5 Rd1+ 35. Kf2 Rd2+ 36. Ke3 Rxh2 37. Ra7 Bc6 38. Rc7 1-0

[Event "52nd World Juniors 2013"]
[Site "Kocaeli TUR"]
[Date "2013.09.13"]
[Round "1.57"]
[White "Uraz, Abdullah Kerim"]
[Black "Grandadam, Nicolas"]
[Result "0-1"]
[BlackTitle "FM"]
[WhiteElo "1602"]
[BlackElo "2309"]
[WhiteFideId "2044846"]
[BlackFideId "681806"]
[EventDate "2013.09.13"]

1. e4 c5 2. Nf3 e6 3. d4 cxd4 4. Nxd4 a6 5. Bd3 Qc7 6. O-O Nc6 7. Be3 Nf6 8. f4
Bc5 9. c3 Qb6 10. Bc2 Qxb2 11. Qd3 d5 12. Nd2 dxe4 13. Nxe4 Nxe4 14. Nxc6 Bxe3+
15. Kh1 bxc6 16. Rab1 Qxc3 17. Qxe4 f5 18. Qa4 O-O 19. Rf3 Qc5 20. Rb4 Bd7 21.
Rc4 Qa7 22. Qb3 Bd4 23. Rb4 Rab8 24. Rxb8 Qxb8 25. Qc4 Qa7 26. Ra3 a5 27. Ba4
Rb8 28. Bc2 Rb4 29. Qe2 Qb6 30. Qd1 c5 31. Rh3 h6 32. Qh5 Rb1+ 33. Bd1 Qb2 34.
Rd3 0-1

[Event "52nd World Juniors 2013"]
[Site "Kocaeli TUR"]
[Date "2013.09.13"]
[Round "1.59"]
[White "Mesic, Vehid"]
[Black "Ratkovic, Milovan"]
[Result "0-1"]
[WhiteElo "1576"]
[BlackElo "2302"]
[WhiteFideId "14404320"]
[BlackFideId "914525"]
[EventDate "2013.09.13"]

1. e4 c6 2. d4 d5 3. exd5 cxd5 4. Bf4 Nf6 5. c3 Nc6 6. Bd3 Bg4 7. Qb3 Na5 8.
Qa4+ Bd7 9. Qc2 e6 10. Nf3 Be7 11. Nbd2 O-O 12. O-O Rc8 13. Ne5 b5 14. a3 Nc4
15. Bxc4 dxc4 16. Ne4 Nd5 17. Bd2 f6 18. Nxd7 Qxd7 19. Rfe1 a5 20. Ng3 f5 21.
Qd1 Bd6 22. Qf3 h6 23. Re2 Qf7 24. Qh5 Qxh5 25. Nxh5 Kf7 26. Rae1 Rfe8 27. Ng3
b4 28. axb4 axb4 29. Ra1 Ra8 30. Ree1 Rf8 31. Nf1 bxc3 32. Bxc3 Rxa1 33. Rxa1
Bb4 34. Bxb4 Nxb4 35. Nd2 0-1

[Event "52nd World Juniors 2013"]
[Site "Kocaeli TUR"]
[Date "2013.09.14"]
[Round "2.1"]
[White "Yu, Yangyi"]
[Black "Sunilduth Lyna, Narayanan"]
[Result "1-0"]
[WhiteTitle "GM"]
[WhiteElo "2662"]
[BlackElo "2408"]
[WhiteFideId "8603820"]
[BlackFideId "5058422"]
[EventDate "2013.09.13"]

1. e4 e5 2. Nf3 Nc6 3. d4 exd4 4. Nxd4 Bc5 5. Nxc6 bxc6 6. Bd3 d6 7. O-O Ne7 8.
Kh1 O-O 9. Nd2 f5 10. f4 Bb6 11. e5 d5 12. c4 Be6 13. Qe2 a5 14. Nf3 h6 15. Bd2
d4 16. Rac1 c5 17. h3 Nc6 18. Rf2 Rb8 19. Rg1 Nb4 20. Bxb4 cxb4 21. Nd2 Qh4 22.
Kh2 a4 23. g3 Qe7 24. g4 fxg4 25. Rxg4 Qd7 26. Rfg2 Rf7 27. Ne4 Bxg4 28. Rxg4
Rbf8 29. c5 Ba7 30. Nf6+ Rxf6 31. exf6 Rxf6 32. Qe4 Bxc5 33. Qh7+ Kf8 34. Qh8+
Ke7 35. Qxg7+ 1-0

[Event "52nd World Juniors 2013"]
[Site "Kocaeli TUR"]
[Date "2013.09.14"]
[Round "2.2"]
[White "Martinez Romero, Martin"]
[Black "Ipatov, Alexander"]
[Result "0-1"]
[WhiteTitle "IM"]
[BlackTitle "GM"]
[WhiteElo "2404"]
[BlackElo "2601"]
[WhiteFideId "4404025"]
[BlackFideId "14116731"]
[EventDate "2013.09.13"]

1. e4 b6 2. d4 Bb7 3. Nc3 e6 4. h4 Bb4 5. Bd3 Nc6 6. Bg5 Be7 7. Nf3 h6 8. Bf4
Nf6 9. e5 Ng4 10. h5 d6 11. Qe2 Qd7 12. O-O-O O-O-O 13. Nh4 f5 14. Bb5 Bxh4 15.
Rxh4 dxe5 16. Bxe5 Qe7 17. g3 Ncxe5 18. dxe5 Qc5 19. f4 Rxd1+ 20. Nxd1 Qg1 21.
Rxg4 fxg4 22. Qxg4 Rd8 23. Qxe6+ Kb8 24. Qg4 Qd4 25. Bd3 Be4 26. Qxg7 Bf3 27.
Qe7 Rg8 28. e6 Rxg3 29. f5 Qf4+ 30. Kb1 Rg1 31. a3 Rxd1+ 32. Ka2 Bd5+ 0-1

[Event "52nd World Juniors 2013"]
[Site "Kocaeli TUR"]
[Date "2013.09.14"]
[Round "2.3"]
[White "Ali Marandi, Cemil Can"]
[Black "Grandelius, Nils"]
[Result "1/2-1/2"]
[WhiteTitle "IM"]
[BlackTitle "GM"]
[WhiteElo "2403"]
[BlackElo "2576"]
[WhiteFideId "6300529"]
[BlackFideId "1710400"]
[EventDate "2013.09.13"]

1. e4 e5 2. Nf3 Nc6 3. Bb5 Nf6 4. O-O Nxe4 5. d4 Nd6 6. dxe5 Nxb5 7. a4 Nbd4 8.
Nxd4 Nxd4 9. Qxd4 d5 10. exd6 Qxd6 11. Qe4+ Qe6 12. Qd4 Qb6 13. Qxb6 axb6 14.
Bf4 c6 15. Nc3 Be6 16. Ne4 Be7 17. Nd6+ Bxd6 18. Bxd6 f6 19. Rfe1 Kf7 20. Re3
Rhe8 21. Bc7 b5 22. a5 Bf5 23. c3 Rxe3 24. fxe3 Re8 25. Kf2 Re7 26. Bb6 Rd7 27.
Ke1 Be4 28. g3 Bf3 29. Bd4 Rd5 30. b4 Rh5 31. Kf2 Be4 32. Kg1 Rg5 33. Rf1 Rg6
34. Rf4 f5 35. Rf1 Rh6 36. Ra1 g5 37. a6 bxa6 38. Rxa6 Rd6 39. Ra7+ Kg6 40. Rg7+
Kh6 41. Rf7 Kg6 42. Rg7+ Kh6 43. Rf7 Kg6 1/2-1/2

[Event "52nd World Juniors 2013"]
[Site "Kocaeli TUR"]
[Date "2013.09.14"]
[Round "2.4"]
[White "Kurayan, Ruslan"]
[Black "Salem, A.R. Saleh"]
[Result "0-1"]
[BlackTitle "GM"]
[WhiteElo "2398"]
[BlackElo "2570"]
[WhiteFideId "14120615"]
[BlackFideId "9301348"]
[EventDate "2013.09.13"]

1. e4 e5 2. Nf3 Nc6 3. d4 exd4 4. Nxd4 Bb4+ 5. c3 Bc5 6. Be3 Bb6 7. Qg4 Nf6 8.
Qxg7 Rg8 9. Qh6 d5 10. Bb5 Bd7 11. Bxc6 bxc6 12. e5 Rg6 13. Qh4 Ng4 14. Qxh7
Nxe3 15. Qh8+ Ke7 16. Qh4+ Kf8 17. Qh8+ Rg8 18. Qh6+ Ke8 19. fxe3 Qg5 20. Qxg5
Rxg5 21. Kf2 Rxe5 22. Nd2 f6 23. Rae1 Kf7 24. e4 Rb8 25. b3 Rbe8 26. exd5 cxd5
27. Nf3 a5 28. h3 Re4 29. g4 c5 30. Nc2 Bc6 31. Nd2 Rf4+ 32. Kg3 Bc7 33. Rxe8
Kxe8 34. Re1+ Kf7 35. Ne3 Rf1+ 0-1

[Event "52nd World Juniors 2013"]
[Site "Kocaeli TUR"]
[Date "2013.09.14"]
[Round "2.5"]
[White "Laurusas, Tomas"]
[Black "Vidit, Santosh Gujrathi"]
[Result "0-1"]
[BlackTitle "GM"]
[WhiteElo "2398"]
[BlackElo "2565"]
[WhiteFideId "12803731"]
[BlackFideId "5029465"]
[EventDate "2013.09.13"]

1. d4 Nf6 2. c4 e6 3. Nf3 b6 4. g3 Bb7 5. Bg2 c5 6. d5 exd5 7. Nh4 g6 8. O-O Bg7
9. Nc3 d6 10. cxd5 O-O 11. e4 Re8 12. Re1 Na6 13. Bf1 Nc7 14. a4 a6 15. f3 Qd7
16. Rb1 b5 17. Bd2 b4 18. Ne2 Re7 19. Ng2 Rae8 20. Ne3 Nxe4 21. fxe4 Rxe4 22.
Bg2 Rxe3 23. Bxe3 Rxe3 24. Nf4 Rxe1+ 25. Qxe1 Be5 26. Nd3 Bd4+ 27. Kh1 Nxd5 28.
Qe4 Nc3 29. Qxb7 Qxb7 30. Bxb7 Nxb1 31. Bxa6 Nd2 32. Bb7 b3 33. a5 c4 0-1

[Event "52nd World Juniors 2013"]
[Site "Kocaeli TUR"]
[Date "2013.09.14"]
[Round "2.6"]
[White "Sethuraman, S.P."]
[Black "De Filomeno, Simone"]
[Result "1/2-1/2"]
[WhiteTitle "GM"]
[BlackTitle "FM"]
[WhiteElo "2553"]
[BlackElo "2392"]
[WhiteFideId "5021596"]
[BlackFideId "828688"]
[EventDate "2013.09.13"]

1. d4 d5 2. c4 e6 3. Nf3 Nf6 4. Nc3 c6 5. Bg5 h6 6. Bh4 dxc4 7. e4 g5 8. Bg3 b5
9. Be2 Bb7 10. Qc2 Nbd7 11. Ne5 Bg7 12. Rd1 a6 13. Nxf7 Kxf7 14. e5 Nd5 15. Ne4
Kg8 16. Nd6 Rb8 17. h4 Nf8 18. Bh5 Qe7 19. hxg5 hxg5 20. Qe4 Rh6 21. Kd2 c5 22.
Bf7+ Qxf7 23. Nxf7 Rxh1 24. Rxh1 Kxf7 25. Qg4 cxd4 26. Qxg5 c3+ 27. bxc3 dxc3+
28. Kc1 Rc8 29. Rh4 Rc4 30. Qh5+ Kg8 31. Rxc4 bxc4 32. Qg4 Kh7 33. Bh4 Bh6+ 34.
Bg5 Bxg5+ 35. Qxg5 Ng6 36. Qd8 Nxe5 37. Qh4+ Kg6 38. Qe4+ Kf6 39. Qh4+ Kg6 40.
Qe4+ Kf6 41. Qh4+ Kg6 1/2-1/2

[Event "52nd World Juniors 2013"]
[Site "Kocaeli TUR"]
[Date "2013.09.14"]
[Round "2.9"]
[White "Vakhidov, Jahongir"]
[Black "Indjic, Aleksandar"]
[Result "1-0"]
[WhiteTitle "IM"]
[BlackTitle "IM"]
[WhiteElo "2385"]
[BlackElo "2549"]
[WhiteFideId "14201801"]
[BlackFideId "911925"]
[EventDate "2013.09.13"]

1. Nf3 g6 2. c4 Bg7 3. d4 c5 4. e4 d6 5. dxc5 Qa5+ 6. Nfd2 Qxc5 7. Nb3 Qc7 8.
Be2 Nd7 9. O-O Ngf6 10. Nc3 O-O 11. Be3 a6 12. Rc1 b6 13. Nd5 Qd8 14. e5 Nxe5
15. Nxb6 Rb8 16. Nxc8 Qxc8 17. c5 dxc5 18. Bxc5 Qe6 19. Ba3 Bh6 20. Nd4 Qb6 21.
Rc5 Rfd8 22. Qa4 Qd6 23. Rc8 Qd5 24. Rxd8+ Qxd8 25. h3 e6 26. Rd1 Nd5 27. Qxa6
Ra8 28. Nxe6 Qe8 29. Qd6 fxe6 30. Qxe5 Bg7 31. Qg3 Nc3 32. Re1 Nxe2+ 33. Rxe2
Qc6 34. Qg4 Kf7 35. Rxe6 Qxe6 36. Qf3+ Bf6 37. Qb7+ Be7 38. Qxa8 Qe1+ 39. Kh2
Qxf2 40. Qd5+ Kf6 41. Qf3+ Qxf3 42. Bxe7+ 1-0

[Event "52nd World Juniors 2013"]
[Site "Kocaeli TUR"]
[Date "2013.09.14"]
[Round "2.10"]
[White "Duda, Jan-Krzysztof"]
[Black "Arvola, Benjamin"]
[Result "1-0"]
[WhiteTitle "IM"]
[BlackTitle "FM"]
[WhiteElo "2534"]
[BlackElo "2354"]
[WhiteFideId "1170546"]
[BlackFideId "1506536"]
[EventDate "2013.09.13"]

1. d4 Nf6 2. c4 e6 3. Nf3 d5 4. Nc3 Be7 5. Bg5 O-O 6. e3 b6 7. Rc1 Bb7 8. cxd5
exd5 9. Bd3 Nbd7 10. O-O c5 11. Qe2 h6 12. Bxf6 Bxf6 13. Ba6 Qc8 14. Bxb7 Qxb7
15. Rfd1 c4 16. b3 b5 17. bxc4 bxc4 18. Rb1 Qc6 19. Rb5 Nb6 20. Rdb1 Rab8 21.
Nxd5 c3 22. Ne1 Rfe8 23. Qf3 Re6 24. Rc5 Qd6 25. Nxf6+ Rxf6 26. Qg3 Qxg3 27.
hxg3 Rd8 28. Rxc3 Rd5 29. Nc2 Rdf5 30. e4 Ra5 31. a3 Re6 32. f3 1-0

[Event "52nd World Juniors 2013"]
[Site "Kocaeli TUR"]
[Date "2013.09.14"]
[Round "2.11"]
[White "Ochsner, Bjorn Moller"]
[Black "Stukopin, Andrey"]
[Result "0-1"]
[WhiteTitle "FM"]
[BlackTitle "IM"]
[WhiteElo "2366"]
[BlackElo "2522"]
[WhiteFideId "1416928"]
[BlackFideId "24107131"]
[EventDate "2013.09.13"]

1. e4 e5 2. Nf3 Nc6 3. Bb5 a6 4. Ba4 Nf6 5. O-O Be7 6. Re1 b5 7. Bb3 d6 8. c3
O-O 9. h3 Na5 10. Bc2 c5 11. d4 Qc7 12. Nbd2 Re8 13. Nf1 g6 14. Bg5 Nc4 15. Qc1
exd4 16. cxd4 cxd4 17. b3 Ne5 18. Nxd4 Bb7 19. Qd2 d5 20. Rac1 Qb6 21. exd5 Ba3
22. Rcd1 Nxd5 23. Ne3 Nxe3 24. fxe3 Bf8 25. Qf2 Rac8 26. Rf1 Bg7 27. b4 Ba8 28.
Bb3 Qb7 29. Bf4 Nc4 30. a4 Re4 31. axb5 axb5 32. Nf3 Rce8 33. Ng5 R4e7 34. Rc1
h6 35. Nf3 Nxe3 36. Rfe1 Nf5 37. Rc7 Rxe1+ 38. Kh2 R1e2 39. Bxf7+ Kh8 40. Rxb7
Rxf2 41. Rxb5 Bxf3 42. Bxe8 Rxg2+ 43. Kh1 Rb2+ 0-1

[Event "52nd World Juniors 2013"]
[Site "Kocaeli TUR"]
[Date "2013.09.14"]
[Round "2.12"]
[White "Debashis, Das"]
[Black "Franklin, Samuel G A"]
[Result "1/2-1/2"]
[WhiteTitle "IM"]
[BlackTitle "FM"]
[WhiteElo "2489"]
[BlackElo "2353"]
[WhiteFideId "5024854"]
[BlackFideId "468576"]
[EventDate "2013.09.13"]

1. d4 Nf6 2. Nf3 g6 3. Bg5 Bg7 4. Nbd2 O-O 5. c3 d6 6. e4 c5 7. dxc5 dxc5 8. Bc4
Nc6 9. Qe2 Na5 10. Bd3 h6 11. Bh4 Nh5 12. Qe3 Qc7 13. O-O Be6 14. Rfe1 Rfd8 15.
Bc2 g5 16. Bg3 Nxg3 17. hxg3 Qb6 18. Reb1 Rac8 19. Qe1 Rc7 20. Nf1 Nc6 21. Ne3
Rcd7 22. g4 Ne5 23. Nxe5 Bxe5 24. g3 c4 25. a4 a5 26. Ra2 Qc5 27. Kg2 Qc6 28.
Raa1 Qb6 29. Ra2 Qc6 30. Raa1 Qb6 31. Ra2 1/2-1/2

[Event "52nd World Juniors 2013"]
[Site "Kocaeli TUR"]
[Date "2013.09.14"]
[Round "2.13"]
[White "Asgarizadeh, Ahmad"]
[Black "Kanarek, Marcel"]
[Result "0-1"]
[BlackTitle "IM"]
[WhiteElo "2354"]
[BlackElo "2483"]
[WhiteFideId "12505684"]
[BlackFideId "1126822"]
[EventDate "2013.09.13"]

1. e4 c5 2. Nf3 d6 3. d4 cxd4 4. Nxd4 Nf6 5. Nc3 g6 6. Be3 Bg7 7. f3 O-O 8. Qd2
Nc6 9. O-O-O d5 10. Kb1 Nxd4 11. e5 Nf5 12. exf6 exf6 13. Nxd5 Nxe3 14. Qxe3 Be6
15. Bc4 f5 16. c3 Bxd5 17. Bxd5 Qc7 18. f4 Rfe8 19. Qf3 Re7 20. Rhe1 Rae8 21.
Rxe7 Rxe7 22. g3 h5 23. Bb3 Bf6 24. Qd5 Re2 25. Qd7 Rxb2+ 26. Kxb2 Qxc3+ 27. Ka3
Qa5+ 28. Qa4 Qc5+ 29. Qb4 Bb2+ 30. Ka4 b5+ 0-1

[Event "52nd World Juniors 2013"]
[Site "Kocaeli TUR"]
[Date "2013.09.14"]
[Round "2.14"]
[White "Dragomirescu, Robin-Alexandru"]
[Black "Idani, Pouya"]
[Result "0-1"]
[WhiteTitle "IM"]
[BlackTitle "IM"]
[WhiteElo "2349"]
[BlackElo "2480"]
[WhiteFideId "1213849"]
[BlackFideId "12510130"]
[EventDate "2013.09.13"]

1. e4 c5 2. Nf3 d6 3. d4 Nf6 4. Nc3 cxd4 5. Nxd4 a6 6. Be3 e5 7. Nb3 Be6 8. Qd2
Nbd7 9. f4 Rc8 10. O-O-O b5 11. Kb1 Be7 12. f5 Bc4 13. g4 h6 14. Qg2 Bxf1 15.
Rhxf1 Rxc3 16. bxc3 Qa8 17. Nd2 Qc6 18. Qf3 O-O 19. h4 d5 20. exd5 Nxd5 21. Ne4
Rc8 22. Rxd5 Qxd5 23. f6 Bxf6 24. Rd1 Qe6 25. Rd6 Qe8 26. g5 hxg5 27. Qg4 Rc4
28. hxg5 Be7 29. Rxd7 Qc8 30. Bd4 Rc7 31. Nf6+ Bxf6 32. gxf6 g6 33. Bxe5 Rxd7
34. Bd6 Qc6 35. Be7 Rd5 36. Qh3 Rh5 37. Qg3 Kh7 38. Kb2 Qe6 39. Qb8 g5 40. Bc5
Qxf6 41. Bd4 Qe6 42. Qd8 Kg6 43. Qc7 f6 44. Qb8 Rh7 45. Qg3 Rd7 46. Qd3+ f5 47.
Qh3 b4 0-1

[Event "52nd World Juniors 2013"]
[Site "Kocaeli TUR"]
[Date "2013.09.14"]
[Round "2.15"]
[White "Grover, Sahaj"]
[Black "Lozhnikov, Vyacheslav"]
[Result "1-0"]
[WhiteTitle "GM"]
[BlackTitle "FM"]
[WhiteElo "2479"]
[BlackElo "2339"]
[WhiteFideId "5021103"]
[BlackFideId "13704761"]
[EventDate "2013.09.13"]

1. e4 c5 2. Nf3 d6 3. c3 Nf6 4. h3 Bd7 5. Bd3 Bc6 6. Qe2 Nbd7 7. Bc2 Ne5 8. d4
Nxf3+ 9. Qxf3 cxd4 10. cxd4 Rc8 11. Nc3 d5 12. e5 Ne4 13. e6 Nf6 14. Bf5 Ra8 15.
Qe2 fxe6 16. Bxe6 Qd6 17. O-O a6 18. Qe5 Qxe5 19. dxe5 Nd7 20. Nxd5 Nb8 1-0

[Event "52nd World Juniors 2013"]
[Site "Kocaeli TUR"]
[Date "2013.09.14"]
[Round "2.16"]
[White "Kathmale, Sameer"]
[Black "Pavlidis, Antonios"]
[Result "0-1"]
[BlackTitle "IM"]
[WhiteElo "2339"]
[BlackElo "2471"]
[WhiteFideId "5024498"]
[BlackFideId "4212312"]
[EventDate "2013.09.13"]

1. e4 c5 2. c3 Nf6 3. e5 Nd5 4. Nf3 e6 5. Bc4 d6 6. d4 cxd4 7. cxd4 Be7 8. O-O
O-O 9. Qe2 b6 10. Rd1 Bb7 11. a3 Nd7 12. b4 a5 13. b5 Rc8 14. Ra2 Qc7 15. Rc2
Qb8 16. h4 dxe5 17. dxe5 Rc5 18. Rd4 Rfc8 19. Nbd2 Rxb5 20. Nb3 Rxc4 21. Qxc4
Ba6 22. Rg4 h5 23. Rg3 Nxe5 24. Nxe5 Qxe5 25. Re2 Qc7 26. Qxc7 Nxc7 27. Rc2 Bd6
28. Rgc3 Nd5 29. Rc6 Bxa3 30. Nd4 Rb1 31. Kh2 Be7 32. Bg5 Bxg5 33. hxg5 Nb4 34.
Rxb6 Nxc2 35. Rxb1 Nxd4 36. Rb8+ Kh7 37. Ra8 Bc4 38. Rxa5 Bd5 39. f4 Kg6 40. Ra7
h4 41. Kh3 Ne2 42. f5+ exf5 43. Kxh4 Nf4 44. Ra6+ Be6 45. g3 Ng2+ 46. Kh3 Ne1
47. Kh4 Nf3+ 48. Kh3 Nxg5+ 49. Kg2 Kh5 50. Ra4 Bd5+ 51. Kh2 Be4 52. Ra7 Kg4 53.
Re7 g6 54. Ra7 Nf3+ 55. Kg2 Ne5+ 56. Kh2 f4 57. gxf4 Kxf4 58. Ra1 g5 59. Rf1+
Bf3 60. Rg1 Ng4+ 61. Kh3 Nf2+ 62. Kh2 g4 63. Rg3 Nh3 0-1

[Event "52nd World Juniors 2013"]
[Site "Kocaeli TUR"]
[Date "2013.09.14"]
[Round "2.17"]
[White "Nasanjargal, Urtnasan"]
[Black "Iermito, Sebastian"]
[Result "1/2-1/2"]
[WhiteTitle "FM"]
[BlackTitle "IM"]
[WhiteElo "2323"]
[BlackElo "2462"]
[WhiteFideId "4900774"]
[BlackFideId "114286"]
[EventDate "2013.09.13"]

1. e4 c5 2. Nf3 e6 3. g3 Nc6 4. Bg2 d5 5. exd5 exd5 6. d4 Bg4 7. O-O Nxd4 8.
Qe1+ Be7 9. Nxd4 cxd4 10. Qe5 Nf6 11. Qxd4 O-O 12. Nc3 Be6 13. Be3 Qd7 14. Rad1
Rfd8 15. Rd2 Qc6 16. Rfd1 Rd7 17. Qd3 a6 18. Ne2 Rc8 19. Nd4 Qc4 20. Qxc4 Rxc4
21. b3 Rcc7 22. Bf4 Bd6 23. Nxe6 fxe6 24. Bh3 Bxf4 25. Bxe6+ Kf8 26. gxf4 Re7
27. f5 Rc3 28. a4 Rec7 29. Bxd5 Nxd5 30. Rxd5 Rxc2 31. Rd7 Ke8 32. Rd8+ Ke7 33.
Rh8 h6 34. Rdd8 R2c6 35. Rde8+ Kf6 36. Rhf8+ Rf7 37. a5 Rc7 38. Re6+ Kxf5 39.
Rxf7+ Rxf7 40. Rb6 Re7 41. Kg2 h5 42. Kg3 g5 43. h4 Rd7 44. b4 Rd3+ 45. Kg2 gxh4
46. Rxb7 h3+ 47. Kh2 Rb3 48. Rb6 Kg4 49. Rxa6 Rxb4 50. Rg6+ Kh4 51. Rb6 Rf4 52.
Kg1 h2+ 53. Kh1 Rxf2 54. Rb4+ Kg3 55. Rb3+ Kg4 56. Ra3 Rf7 1/2-1/2

[Event "52nd World Juniors 2013"]
[Site "Kocaeli TUR"]
[Date "2013.09.14"]
[Round "2.18"]
[White "Javakhadze, Zurab"]
[Black "Saiyn, Zhanat"]
[Result "1/2-1/2"]
[WhiteTitle "IM"]
[BlackTitle "FM"]
[WhiteElo "2457"]
[BlackElo "2337"]
[WhiteFideId "13603647"]
[BlackFideId "13703820"]
[EventDate "2013.09.13"]

1. g3 g6 2. Bg2 Bg7 3. Nf3 c5 4. e4 Nc6 5. O-O Nf6 6. d3 d5 7. Nbd2 O-O 8. Re1
e6 9. c3 a5 10. Qa4 Bd7 11. Qc2 b5 12. Nb3 c4 13. dxc4 dxc4 14. Nc5 Qe7 15. Nxd7
Nxd7 16. a4 b4 17. Bg5 Qc5 18. Be3 Qe7 19. Red1 Nde5 20. Nd4 Rac8 21. Nb5 Rfd8
22. Bf1 g5 23. h3 h5 24. Bb6 Rxd1 25. Rxd1 g4 26. hxg4 hxg4 27. Be2 Rb8 28. Be3
Qf6 29. Kg2 Rd8 30. Bf4 Rxd1 31. Qxd1 Qg6 32. Qb1 Bf8 33. Nd4 Nxd4 34. cxd4 Nc6
35. Be3 Bg7 36. Bxc4 Bxd4 37. Bb5 Bxe3 38. Bxc6 1/2-1/2

[Event "52nd World Juniors 2013"]
[Site "Kocaeli TUR"]
[Date "2013.09.14"]
[Round "2.19"]
[White "Grandadam, Nicolas"]
[Black "Nagy, Gabor1"]
[Result "1/2-1/2"]
[WhiteTitle "FM"]
[BlackTitle "IM"]
[WhiteElo "2309"]
[BlackElo "2457"]
[WhiteFideId "681806"]
[BlackFideId "737119"]
[EventDate "2013.09.13"]

1. d4 Nf6 2. c4 e6 3. g3 d5 4. Bg2 Bb4+ 5. Bd2 Be7 6. Nf3 O-O 7. O-O c6 8. Qc2
Nbd7 9. Rd1 b6 10. Bf4 Ba6 11. b3 Nh5 12. Bd2 Rc8 13. Nc3 f5 14. e3 Bd6 15. Na4
Nhf6 16. c5 bxc5 17. Nxc5 Nxc5 18. dxc5 Bb8 19. Bc3 Nd7 20. Qb2 Qe7 21. b4 e5
22. a4 Bc4 23. Nd2 Be2 24. Re1 Bh5 25. b5 e4 26. Nb3 Ne5 27. Bxe5 Bxe5 28. Qa3
g5 29. Rab1 f4 30. Nd4 Qf6 31. Rb2 cxb5 32. axb5 fxe3 33. fxe3 Bxd4 34. exd4
Qxd4+ 35. Kh1 Qxc5 36. Qa6 Qb6 37. Qa2 Bf7 38. Rf2 Be6 39. Rd2 d4 40. Qa1 Rc3
41. Rxe4 Qc5 42. Rd1 Bb3 43. Rde1 Rc8 44. Qb2 Bd5 45. Re5 Bxg2+ 46. Qxg2 Rc1 47.
Qe4 Rxe1+ 48. Qxe1 Qc1 49. Qxc1 Rxc1+ 50. Kg2 h6 51. Rd5 Rc4 52. Kf3 Rb4 53. Ke4
Kf7 54. Rd7+ Kg6 55. Rxa7 Rxb5 56. Kxd4 Kf5 57. Rh7 Kg6 58. Rc7 h5 59. Ke4 Rb4+
60. Kf3 Rb3+ 61. Kg2 Rb2+ 62. Kg1 Kf5 63. Rc4 Re2 64. h3 g4 65. Rf4+ Kg5 1/2-1/2

[Event "52nd World Juniors 2013"]
[Site "Kocaeli TUR"]
[Date "2013.09.14"]
[Round "2.20"]
[White "Ratkovic, Milovan"]
[Black "Ynojosa, Felix Jose"]
[Result "1-0"]
[BlackTitle "IM"]
[WhiteElo "2302"]
[BlackElo "2439"]
[WhiteFideId "914525"]
[BlackFideId "3900258"]
[EventDate "2013.09.13"]

1. d4 Nf6 2. c4 e6 3. Nc3 Bb4 4. e3 b6 5. Ne2 Bb7 6. a3 Bd6 7. f3 Nh5 8. e4 Qh4+
9. Kd2 e5 10. Kc2 exd4 11. Nb5 Nc6 12. Nxd6+ cxd6 13. Nxd4 Ng3 14. hxg3 Qxh1 15.
Nf5 O-O 16. Bf4 Nd8 17. Bxd6 Re8 18. Qd2 Ne6 19. Rd1 Qh5 20. Bd3 Qg5 21. f4 Qg4
22. Rh1 Nc5 23. Bxc5 bxc5 24. e5 Bc6 25. Rh4 Qg6 26. Ne7+ Rxe7 27. Bxg6 fxg6 28.
Qd6 Re6 29. Qxc5 Bxg2 30. Qd4 Bc6 31. b4 a6 32. Rh2 Ba4+ 33. Kb2 Rae8 34. g4 Bc6
35. g5 Rf8 36. Kb3 Re7 37. a4 Ref7 38. Rf2 h6 39. gxh6 gxh6 40. b5 axb5 41. cxb5
Ba8 42. Qd3 g5 43. f5 Kh8 44. f6 g4 45. Qg6 Bd5+ 46. Kb4 Rg8 47. Qxh6+ Rh7 48.
Rh2 Be4 49. Qf4 g3 50. Rxh7+ Bxh7 51. f7 1-0

[Event "52nd World Juniors 2013"]
[Site "Kocaeli TUR"]
[Date "2013.09.14"]
[Round "2.22"]
[White "Meribanov, Vitaly"]
[Black "Benitez Lozano, Javier"]
[Result "0-1"]
[WhiteTitle "FM"]
[BlackTitle "CM"]
[WhiteElo "2433"]
[BlackElo "2308"]
[WhiteFideId "13504363"]
[BlackFideId "5102472"]
[EventDate "2013.09.13"]

1. e4 e5 2. Nf3 Nc6 3. Bb5 a6 4. Ba4 Nf6 5. d3 b5 6. Bb3 Bc5 7. O-O d6 8. a4 Rb8
9. h3 O-O 10. Nc3 Na5 11. Ba2 b4 12. Ne2 b3 13. cxb3 Be6 14. Nd2 Nc6 15. Nc4 d5
16. exd5 Nxd5 17. Nc3 Ndb4 18. Bb1 Nd4 19. Be3 f6 20. Ne2 Qd7 21. Nxd4 Bxd4 22.
Qe2 Rfd8 23. Rd1 Qd5 24. Bc2 Bd7 25. Rac1 Bc6 26. f3 Be8 27. Bb1 Qb7 28. Kh1 Bg6
29. Bd2 c5 30. Bc3 Nd5 31. Na5 Qb6 32. Bxd4 exd4 33. Qd2 Qc7 34. Re1 Qd6 35. Qf2
Nb4 36. Qf1 Nd5 37. Nc4 Qg3 38. Nd2 Ne3 39. Qg1 Rbc8 40. Ne4 Qe5 41. Qh2 Qe7 42.
Qf4 Bf7 43. Nd2 Qd7 44. Ne4 Qd5 45. Ba2 h6 46. Qg3 Kh8 47. Qf4 f5 48. Nd2 Qd7
49. Bb1 Re8 50. Qg3 g5 51. Qf2 Bd5 52. Nf1 f4 53. Nd2 Qb7 54. Bc2 Red8 55. Bd1
Qb4 56. Ne4 Qb6 57. Qd2 a5 58. Kg1 Rc7 59. Kf2 Rb8 60. Rh1 Rg8 61. Kg1 Rg6 62.
Kh2 h5 63. Kg1 Kg8 64. Kf2 Kg7 65. Rh2 Kf8 66. Kg1 Kg7 67. Qf2 Nxd1 68. Rxd1
Qxb3 69. Rd2 Bxe4 70. fxe4 Qxa4 71. Qe2 h4 72. Kf2 c4 73. Rh1 c3 74. Rc2 Rgc6
75. b3 Qxb3 76. Rhc1 Qe6 77. Ra1 f3 78. gxf3 Qxh3 79. Rg1 Kh6 80. e5 Re6 81. Rg2
Rf7 82. Qe4 Rf4 83. Qa8 Qf5 84. Qh8+ Qh7 85. Qd8 Rf5 86. Qxd4 Qb7 87. Qe4 Qb6+
88. d4 Rexe5 89. Qd3 Rd5 90. Rg4 Rf4 91. Rxf4 gxf4 92. Qxc3 Qxd4+ 93. Qxd4 Rxd4
94. Rc6+ Kg7 95. Kg2 a4 96. Ra6 Kf7 97. Kh3 Ke7 98. Kxh4 Kd7 99. Kg5 Kc7 100.
Kf5 Kb7 101. Ra5 Kb6 102. Ra8 Kb7 103. Ra5 Kb6 104. Ra8 Kc5 105. Ke5 Rc4 106.
Rb8 Kc6 107. Ra8 Kc5 108. Rb8 a3 109. Ra8 Kb4 110. Kd5 Rc5+ 111. Ke4 Ra5 112.
Rb8+ Kc3 113. Kxf4 a2 114. Rc8+ Kb2 115. Rb8+ Ka3 0-1